Loan versus bond financing of Czech companies and the influence of the global recession
Vzájomný rozvoj trhov podnikových dlhopisov a podnikateľských úverov v rozvíjajúcej sa českej ekonomike v období 2006-2014 vzhľadom na vplyvy globálnej finančnej krízy v rokoch 2008/2009. Porovnanie s posunom podnikového financovania od pôžičiek smerom k dlhopisom vo východoázijských ekonomikách po...
Salvato in:
| Autore principale: | |
|---|---|
| Altri autori: | |
| Natura: | Capitolo di libro |
| Lingua: | inglese |
| Soggetti: | |
| Tags: |
Nessun Tag, puoi essere il primo ad aggiungerne!!
|
MARC
| LEADER | 00000nla a2200000 4500 | ||
|---|---|---|---|
| 001 | 0234769 | ||
| 005 | 20240417075123.9 | ||
| 041 | 0 | |a eng | |
| 044 | |a CZ | ||
| 245 | 1 | 0 | |a Loan versus bond financing of Czech companies and the influence of the global recession |c Jan Mačí, Vladimíra Valentová Hovorková |
| 520 | |a Vzájomný rozvoj trhov podnikových dlhopisov a podnikateľských úverov v rozvíjajúcej sa českej ekonomike v období 2006-2014 vzhľadom na vplyvy globálnej finančnej krízy v rokoch 2008/2009. Porovnanie s posunom podnikového financovania od pôžičiek smerom k dlhopisom vo východoázijských ekonomikách po finančnej kríze v deväťdesiatych rokoch 20. storočia. | ||
| 610 | 2 | 0 | |a podnik |
| 610 | 2 | 0 | |a financie podnikové |
| 610 | 2 | 0 | |a správa podniku |
| 610 | 2 | 0 | |a pasíva |
| 610 | 2 | 0 | |a dlhopisy podnikové |
| 610 | 2 | 0 | |a dlhopisy |
| 610 | 2 | 0 | |a pôžičky |
| 610 | 2 | 0 | |a trh kapitálový |
| 610 | 2 | 0 | |a kríza finančná |
| 610 | 2 | 0 | |a recesia |
| 610 | 2 | 0 | |a regulácia trhu |
| 610 | 2 | 0 | |a regulácia štátna |
| 610 | 2 | 0 | |a Česko |
| 610 | 2 | 0 | |a východná Ázia |
| 100 | 1 | |a Mačí, Jan | |
| 700 | 1 | |a Valentová Hovorková, Vladimíra | |